000 02116cam a22004694i 4500
003 PE-LiUPU
005 20250731173432.0
008 150616s r 000 0 d
035 _a(Sirsi) a529
040 _aPE-LiUPU
_bspa
_cPE-LiUPU
_erda
049 _aPRUA
082 0 4 _a280.4
_bB39
_221
100 1 _aBertrand, André Numa,
_d1876- ,
_eautor.
245 1 3 _aEl protestantismo :
_bnotas sobre algunos aspectos del problema religioso /
_cAndré Numa Bertrand.
264 1 _aBuenos Aires :
_bEditorial "La Aurora",
_c1953.
300 _a354 páginas ;
_c20 cm
336 _atext
_2rdacontent
337 _aunmediated
_2rdamedia
338 _avolume
_2rdacarrier
504 _aNotas bibliográficas al pie de páginas.
505 0 _aAlgunas formas esenciales de la vida protestante: -La tradición espiritual del protestantismo -- La iglesia -- El culto -- La piedad -- La acción cristiana -- Los principios permanentes del protestantismo: -La unidad del protestantismo y sus "variaciones" -- El principio de la fe profunda -- El principio de la humildad y del desinterés -- El principio de autoridad -- El principio de libertad -- El protestantismo frente a los problemas del momento: Los problemas de la unidad -- Los problemas del pensamiento -- Los problemas de la vida civil -- Los problemas de la civilización.
526 _aSEG42
526 _aSEG41
526 _aSEG40
526 _aSEG39
526 _aP94
526 _aP87
526 _aP86
526 _aP85
526 _aP77
526 _aP76
526 _aP35
650 0 4 _aProtestantismo.
650 0 4 _aIglesia Reformada
_zFrancia.
910 _ajck
_bjvq
_cjck
942 _2ddc
_cBOOK
949 _a280.4 B39
_wDEWEY
_c1
_i07298
_lCCODEBUL1
_mBUL
_p00.00
_r0
_sY
_tBOOK
_u19740512
_xTEOLOGIA
_zUNKNOWN
_0COMPRA
_o.STAFF. Colección General
994 _aC0
_bPEPRU
596 _a1
999 _a280.4 B39
_wDEWEY
_c55557
_i07298
_f2021-11-12
_g5
_lCCODEBUL1
_mBUL
_r0
_sY
_tBOOK
_u2015-6-16
_xTEOLOGIA
_zUNKNOWN
_0COMPRA
_o.STAFF. Colección General
_d55557
980 _81
_gALBERTO SANCHEZ Responsable de Automatización